South Park Episodes (1997-2022) - Statistics

General Stats
  • This quiz has been taken 545 times
  • The average score is 67 of 317
Answer Stats
Season Episode No. Episode Name % Correct
Season 1 1 Cartman Gets an Anal Probe
86%
Season 5 4 Scott Tenorman Must Die
59%
Season 5 13 Kenny Dies
54%
Season 1 3 Volcano
54%
Season 5 14 Butters' Very Own Episode
52%
Season 1 9 Mr. Hankey, the Christmas Poo
51%
Season 14 5 200
50%
Season 1 13 Cartman's Mom is a Dirty Slut
50%
Season 14 6 201
47%
Season 1 8 Starvin' Marvin
47%
Season 13 2 The Coon
47%
Season 1 2 Weight Gain 4000
46%
Season 2 2 Cartman's Mom Is Still a Dirty Slut
45%
Season 1 4 Big Gay Al's Big Gay Boat Ride
43%
Season 1 6 Death
43%
Season 4 14 Pip
43%
Season 7 11 Casa Bonita
42%
Season 1 10 Damien
42%
Season 1 7 Pinkeye
40%
Season 11 14 The List
40%
Season 3 5 Tweek vs. Craig
40%
Season 10 8 Make Love, Not Warcraft
39%
Season 5 3 Super Best Friends
39%
Season 5 8 Towelie
39%
Season 1 5 An Elephant Makes Love to a Pig
38%
Season 1 12 Mecha-Streisand
38%
Season 10 6 ManBearPig
37%
Season 9 1 Mr. Garrison's Fancy New Vagina
37%
Season 19 6 Tweek x Craig
37%
Season 8 5 Awesom-O
35%
Season 12 10 Pandemic
35%
Season 10 1 The Return of Chef
35%
Season 15 7 You're Getting Old
35%
Season 7 1 Cancelled
34%
Season 8 1 Good Times with Weapons
34%
Season 4 3 Timmy 2000
34%
Season 11 1 With Apologies to Jesse Jackson
34%
Season 5 6 Cartmanland
33%
Season 8 14 Woodland Critter Christmas
33%
Season 15 8 Ass Burgers
32%
Season 13 14 Pee
32%
Season 6 6 Professor Chaos
32%
Season 22 4 Tegridy Farms
32%
Season 9 12 Trapped in the Closet
32%
Season 2 4 Chickenlover
31%
Season 3 11 Chinpokomon
31%
Season 5 2 Cripple Fight
31%
Season 13 5 Fishsticks
31%
Season 2 3 Ike's Wee Wee
31%
Season 3 9 Jewbilee
31%
Season 1 11 Tom's Rhinoplasty
31%
Season 2 14 Chef Aid
30%
Season 2 9 Chef's Chocolate Salty Balls
30%
Season 11 13 Guitar Queer-O
30%
Season 7 14 Raisins
30%
Season 9 6 The Death of Eric Cartman
30%
Season 6 2 Asspen
29%
Season 4 10 Probably
29%
Season 17 7 Black Friday
28%
Season 7 9 Christian Rock Hard
28%
Season 9 11 Ginger Kids
28%
Season 2 17 Gnomes
28%
Season 20 1 Member Berries
28%
Season 3 1 Rainforest Shmainforest
28%
Season 10 5 A Million Little Fibers
27%
Season 12 5 Eek, a Penis!
27%
Season 15 1 HUMANCENTiPAD
27%
Season 9 9 Marjorine
27%
Season 15 12 1%
26%
Season 4 2 Cartman's Silly Hate Crime 2000
26%
Season 11 2 Cartman Sucks
26%
Season 3 7 Cat Orgy
26%
Season 5 1 It Hits the Fan
26%
Season 14 9 It's a Jersey Thing
26%
Season 7 2 Krazy Kripples
26%
Season 6 7 Simpsons Already Did It
26%
Season 7 8 South Park Is Gay
26%
Season 10 14 Stanley's Cup
26%
Season 2 1 Terrance and Phillip in Not Without My Anus
26%
Season 17 10 The Hobbit
26%
Season 13 1 The Ring
26%
Season 3 8 Two Guys Naked in a Hot Tub
26%
Season 7 12 All About Mormons
25%
Season 6 10 Bebe's Boobs Destroy Society
25%
Season 12 9 Breast Cancer Show Ever
25%
Season 4 7 Chef Goes Nanners
25%
Season 11 7 Night of the Living Homeless
25%
Season 5 9 Osama bin Laden Has Farty Pants
25%
Season 6 17 Red Sleigh Down
25%
Season 3 6 Sexual Harassment Panda
25%
Season 2 15 Spookyfish
25%
Season 3 13 Starvin' Marvin in Space
25%
Season 8 6 The Jeffersons
25%
Season 9 5 The Losing Edge
25%
Season 8 3 The Passion of the Jew
25%
Season 9 14 Bloody Mary
24%
Season 4 5 Cartman Joins NAMBLA
24%
Season 2 10 Chickenpox
24%
Season 2 7 City on the Edge of Forever/Flashbacks
24%
Season 10 12 Go God Go
24%
Season 8 7 Goobacks
24%
Season 6 1 Jared Has Aides
24%
Season 12 3 Major Boobage
24%
Season 2 16 Merry Christmas, Charlie Manson!
24%
Season 8 10 Pre-School
24%
Season 8 4 You Got F'd in the A
24%
Season 6 12 A Ladder to Heaven
23%
Season 12 4 Canada on Strike
23%
Season 2 13 Cow Days
23%
Season 4 9 Do the Handicapped Go to Hell?
23%
Season 9 7 Erection Day
23%
Season 10 11 Hell on Earth 2006
23%
Season 14 3 Medicinal Fried Chicken
23%
Season 14 12 Mysterion Rises
23%
Season 2 18 Prehistoric Ice Man
23%
Season 3 3 Succubus
23%
Season 10 7 Tsst
23%
Season 2 12 Clubhouses
22%
Season 8 8 Douche and Turd
22%
Season 4 15 Fat Camp
22%
Season 6 4 Fun with Veal
22%
Season 16 6 I Should Have Never Gone Ziplining
22%
Season 3 4 Jakovasaurs
22%
Season 16 4 Jewpacabra
22%
Season 11 3 Lice Capades
22%
Season 6 8 Red Hot Catholic Love
22%
Season 3 2 Spontaneous Combustion
22%
Season 2 8 Summer Sucks
22%
Season 15 14 The Poor Kid
22%
Season 7 3 Toilet Paper
22%
Season 12 1 Tonsil Trouble
22%
Season 8 2 Up the Down Steroid
22%
Season 15 6 City Sushi
21%
Season 6 9 Free Hat
21%
Season 3 15 Mr. Hankey's Christmas Classics
21%
Season 21 2 Put It Down
21%
Season 16 5 Butterballs
20%
Season 16 7 Cartman Finds Love
20%
Season 13 8 Dead Celebrities
20%
Season 9 2 Die Hippie, Die
20%
Season 12 13 Elementary School Musical
20%
Season 9 13 Free Willzyx
20%
Season 17 6 Ginger Cow
20%
Season 7 15 It's Christmas in Canada
20%
Season 11 8 Le Petit Tourette
20%
Season 11 9 More Crap
20%
Season 20 2 Skank Hunt
20%
Season 18 3 The Cissy
20%
Season 24 1 The Pandemic Special
20%
Season 6 13 The Return of the Fellowship of the Ring to the Two Towers
20%
Season 4 11 4th Grade
19%
Season 3 16 Are You There God? It's Me, Jesus
19%
Season 12 2 Britney's New Look
19%
Season 13 9 Butters' Bottom Bitch
19%
Season 7 13 Butt Out
19%
Season 18 8 Cock Magic
19%
Season 5 12 Here Comes the Neighborhood
19%
Season 13 3 Margaritaville
19%
Season 10 10 Miss Teacher Bangs a Boy
19%
Season 5 7 Proper Condom Use
19%
Season 10 2 Smug Alert!
19%
Season 5 5 Terrance and Phillip: Behind the Blow
19%
Season 6 14 The Death Camp of Tolerance
19%
Season 3 14 The Red Badge of Gayness
19%
Season 14 2 The Tale of Scrotie McBoogerballs
19%
Season 13 11 Whale Whores
19%
Season 9 3 Wing
19%
Season 3 17 Worldwide Recorder Concert
19%
Season 13 10 W.T.F.
19%
Season 2 5 Conjoined Fetus Lady
18%
Season 14 7 Crippled Summer
18%
Season 11 6 D-Yikes!
18%
Season 9 10 Follow That Egg!
18%
Season 18 7 Grounded Vindaloop
18%
Season 7 4 I'm A Little Bit Country
18%
Season 13 6 Pinewood Derby
18%
Season 8 11 Quest for Ratings
18%
Season 4 4 Quintuplets 2000
18%
Season 16 8 Sarcastaball
18%
Season 4 8 Something You Can Do with Your Finger
18%
Season 8 12 Stupid Spoiled Whore Video Playset
18%
Season 12 7 Super Fun Time
18%
Season 6 15 The Biggest Douche in the Universe
18%
Season 5 11 The Entity
18%
Season 2 6 The Mexican Staring Frog of Southern Sri Lanka
18%
Season 4 1 The Tooth Fairy's Tats 2000
18%
Season 4 17 A Very Crappy Christmas
17%
Season 9 4 Best Friends Forever
17%
Season 4 6 Cherokee Hair Tampons
17%
Season 14 14 Crème Fraîche
17%
Season 6 3 Freak Strike
17%
Season 15 2 Funnybot
17%
Season 18 1 Go Fund Yourself
17%
Season 10 13 Go God Go XII
17%
Season 7 10 Grey Dawn
17%
Season 5 10 How to Eat with Your Butt
17%
Season 16 14 Obama Wins!
17%
Season 12 6 Over Logging
17%
Season 25 1 Pajama Day
17%
Season 14 8 Poor and Stupid
17%
Season 2 11 Roger Ebert Should Lay Off the Fatty Foods
17%
Season 13 12 The F Word
17%
Season 4 16 The Wacky Molestation Adventure
17%
Season 9 8 Two Days Before the Day After Tomorrow
17%
Season 12 12 About Last Night...
16%
Season 17 8 A Song of Ass and Fire
16%
Season 15 11 Broadway Bro Down
16%
Season 10 3 Cartoon Wars Part I
16%
Season 10 4 Cartoon Wars Part II
16%
Season 6 11 Child Abduction Is Not Funny
16%
Season 14 13 Coon vs. Coon and Friends
16%
Season 4 13 Helen Keller! The Musical
16%
Season 17 2 Informative Murder Porn
16%
Season 7 6 Lil' Crime Stoppers
16%
Season 14 1 Sexual Healing
16%
Season 12 14 The Ungroundable
16%
Season 4 12 Trapper Keeper
16%
Season 21 1 White People Renovating Houses
16%
Season 14 4 You Have 0 Friends
16%
Season 19 4 You're Not Yelping
16%
Season 8 13 Cartman's Incredible Gift
15%
Season 16 2 Cash for Gold
15%
Season 13 4 Eat, Pray, Queef
15%
Season 16 3 Faith Hilling
15%
Season 7 5 Fat Butt and Pancake Head
15%
Season 3 12 Hooked on Monkey Fonics
15%
Season 11 10 Imaginationland Episode I
15%
Season 11 11 Imaginationland Episode II
15%
Season 11 12 Imaginationland Episode III
15%
Season 14 10 Insheeption
15%
Season 6 16 My Future Self 'n' Me
15%
Season 10 9 Mystery of the Urinal Deuce
15%
Season 12 11 Pandemic 2: The Startling
15%
Season 7 7 Red Man's Greed
15%
Season 15 3 Royal Pudding
15%
Season 19 5 Safe Space
15%
Season 8 9 Something Wall-Mart This Way Comes
15%
Season 17 9 Titties and Dragons
15%
Season 15 4 T.M.I.
15%
Season 19 2 Where My Country Gone?
15%
Season 25 5 Help, My Teenager Hates Me!
14%
Season 3 10 Korn's Groovy Pirate Ghost Mystery
14%
Season 6 5 The New Terrance and Phillip Movie Trailer
14%
Season 15 13 A History Channel Thanksgiving
13%
Season 23 2 Band in China
13%
Season 14 11 Coon 2: Hindsight
13%
Season 22 1 Dead Kids
13%
Season 13 7 Fatbeard
13%
Season 18 4 Handicar
13%
Season 18 10 #HappyHolograms
13%
Season 23 1 Mexican Joker
13%
Season 19 7 Naughty Ninjas
13%
Season 16 9 Raising the Bar
13%
Season 18 9 #REHASH
13%
Season 16 1 Reverse Cowgirl
13%
Season 19 3 The City Part of Town
13%
Season 15 9 The Last of the Meheecans
13%
Season 11 4 The Snuke
13%
Season 16 12 A Nightmare on FaceTIme
12%
Season 18 6 Freemium Isn't Free
12%
Season 18 2 Gluten Free Ebola
12%
Season 16 11 Going Native
12%
Season 23 3 Shots!!!
12%
Season 21 10 Splatty Tomato
12%
Season 19 1 Stunning and Brave
12%
Season 17 5 Taming Strange
12%
Season 12 8 The China Probrem
12%
Season 25 3 City People
11%
Season 15 5 Crack Baby Athletic Association
11%
Season 11 5 Fantastic Easter Special
11%
Season 17 4 Goth Kids 3: Dawn of the Posers
11%
Season 16 10 Insecurity
11%
Season 17 1 Let Go, Let Gov
11%
Season 20 10 The End of Serialization as We Know It
11%
Season 18 5 The Magic Bush
11%
Season 22 6 Time to Get Cereal
11%
Season 17 3 World War Zimmerman
11%
Season 25 4 Back to the Cold War
10%
Season 15 10 Bass to Mouth
10%
Season 22 7 Nobody Got Cereal?
10%
Season 20 7 Oh, Jeez
10%
Season 19 10 PC Principal Final Justice
10%
Season 24 2 South ParQ Vaccination Special
10%
Season 22 10 Bike Parade
9%
Season 23 7 Board Girls
9%
Season 21 7 Doubling Down
9%
Season 23 6 Season Finale
9%
Season 24 3 South Park: Post Covid
9%
Season 25 2 The Big Fix
9%
Season 22 3 The Problem with a Poo
9%
Season 19 9 Truth and Advertising
9%
Season 23 8 Turd Burglars
9%
Season 22 2 A Boy and a Priest
8%
Season 16 13 A Scause for Applause
8%
Season 23 10 Christmas Snow
8%
Season 13 13 Dancing with Smurfs
8%
Season 21 5 Hummels & Heroin
8%
Season 23 4 Let Them Eat Goo
8%
Season 21 8 Moss Piglets
8%
Season 20 9 Not Funny
8%
Season 19 8 Sponsored Content
8%
Season 20 3 The Damned
8%
Season 22 5 The Scoots
8%
Season 23 9 Basic Cable
7%
Season 20 6 Fort Collins
7%
Season 21 4 Franchise Prequel
7%
Season 23 5 Tegridy Farms Halloween Special
7%
Season 20 4 Wieners Out
7%
Season 22 8 Buddha Box
6%
Season 25 6 Credigree Weed St. Patrick's Day Special
6%
Season 21 3 Holiday Special
6%
Season 21 6 Sons a Witches
6%
Season 24 4 South Park Post Covid: The Return of Covid
6%
Season 21 9 Super Hard PCness
6%
Season 20 8 Members Only
5%
Season 22 9 Unfulfilled
5%
Season 20 5 Douche and a Danish
4%
No matching quizzes found
Score Distribution
Percent of People with Each Score
Percentile by Number Answered
Your Score History
You have not taken this quiz